000 00296nam a2200121Ia 4500
008 191201s2014 xx 000 0 und d
100 _aKULKARNI, P.V
245 0 _aFinancial Management
260 _aN. Delhi
_bHimalaya Publication House
_c2014
300 _a862
650 _aBBA
942 _2ddc
_cBK
999 _c6207
_d6207